000 00685nam a2200253Ia 4500
003 OSt
005 20220918203347.0
006 a|||||r|||| 00| 0
007 ta
008 220917b |||||||| |||| 00| 0 eng d
024 _a107,752
037 _cTextual
040 _aARTS
_cARTS
_beng
041 _2eng
_aeng
082 _aV42.N7, L2
100 _aHane Miksio
_9108152
245 0 _aJapan
_b A historical survey
260 _aNew York
_bCharles Scribner's
_c1972
300 _axiv, 650p.
_ccm.
500 _aApepndices p605-614 (A-C); Bibliography p615-633
650 _aHISTORY
942 _hV42.N7, L2
_cTEXL
_2CC
999 _c231108
_d231108